000 00353 a2200157 4500
001 17101
020 _a9788578480684
040 _cAnchieta - Bela Vista
100 _aRodari, Gianni
240 1 0 _aTonico, o invisível
_lpor
245 1 0 _aTonico, o invisível
300 _a34
362 0 _a2011
650 4 _aLiteratura infanto-juvenil
942 _cBK
999 _c17101
_d17101